La joven vida de Juno
Juno es una adolescente dotada de un rápido ingenio. Mientras que la mayoría de sus compañeras están actualizando su página de MySpace o de compras en un shopping, Juno es una adolescente de Minnesota, aguda como un puñal y que vive de acuerdo con sus propias reglas. Una tarde típicamente aburrida s...
Guardado en:
| Autor Principal: | |
|---|---|
| Autor Corporativo: | |
| Otros Autores: | , , , , |
| Formato: | |
| Idioma: | Undetermined |
| Publicado: |
Estados Unidos :
Ministerio de Educación de la Nación,
2007.
|
| Materias: | |
| Etiquetas: |
Agregar Etiqueta
Sin Etiquetas, Sea el primero en etiquetar este registro!
|
| LEADER | 01652ngm a22002895a 4500 | ||
|---|---|---|---|
| 001 | CEM.cems020100 | ||
| 008 | 230515s2007####xx#---############vlund#d | ||
| 005 | 20230515204003.0 | ||
| 245 | 1 | 0 | |a La joven vida de Juno |h [videograbación] / |c Jason Reitman. |
| 260 | |a Estados Unidos : |b Ministerio de Educación de la Nación, |c 2007. | ||
| 300 | |a 95'. | ||
| 520 | |a Juno es una adolescente dotada de un rápido ingenio. Mientras que la mayoría de sus compañeras están actualizando su página de MySpace o de compras en un shopping, Juno es una adolescente de Minnesota, aguda como un puñal y que vive de acuerdo con sus propias reglas. Una tarde típicamente aburrida se transforma en algo exactamente opuesto cuando decide mantener relaciones sexuales con el joven Bleeker. Enfrentándose a un embarazo imprevisto, ella y su mejor amiga Leah urden un plan para encontrar al niño que Juno trae de camino la perfecta pareja de padres por gentileza de la sucursal local Penny Saver. | ||
| 538 | |a Soporte: DVD -- Formato: DVD Peso: 4.36gb -- Resolución: 720 x 480 -- 29.97fps | ||
| 500 | |a Título original: Juno. | ||
| 590 | |a Identificación anterior: 35 | ||
| 100 | 1 | |a Reitman, Jason. | |
| 700 | 1 | |a Cody, Diablo; Guion. | |
| 700 | 1 | |a Page, Elliot; Reparto. | |
| 700 | 1 | |a Garner; Jennifer; Reparto. | |
| 700 | 1 | |a Cera, Michael; Reparto. | |
| 700 | 1 | |a Bateman, Jason; Reparto. | |
| 710 | 2 | |a Fox Searchlight Pictures. | |
| 653 | |a LARGOMETRAJE | ||
| 653 | |a FICCIÓN | ||
| 653 | |a COMEDIA DRAMÁTICA | ||
| 653 | |a ARCHIVO FÍLMICO PEDAGÓGICO JÓVENES Y ESCUELA | ||
| 859 | |a CEMS |b BIB. CEMS - Depto. Recursos Didacticos |h 778.5 |i REI |k DRD |p 2993.23 |t Ej.2 | ||
